Lyrics to Wet Dream by Wet Leg - Statistics

General Stats
  • This quiz has been taken 95 times
  • The average score is 247 of 318
Answer Stats
Hint Answer % Correct
lyrics I
96%
lyrics was
91%
lyrics we
91%
lyrics a
89%
lyrics dream
89%
lyrics in
89%
lyrics in)
89%
lyrics In)
89%
lyrics me
89%
lyrics wet
89%
lyrics you
89%
lyrics You
89%
lyrics car
87%
lyrics on
87%
lyrics to
87%
lyrics (to
87%
lyrics when
87%
lyrics your
87%
lyrics touching
85%
lyrics yourself
85%
lyrics Yourself
85%
lyrics driving
83%
lyrics begin
81%
lyrics go
81%
lyrics go)
81%
lyrics Here
81%
lyrics (here
81%
lyrics here
81%
lyrics let's
81%
lyrics lets
81%
lyrics youre
81%
lyrics you're
81%
lyrics Count
79%
lyrics (Count
79%
lyrics count
79%
lyrics (count
79%
lyrics my
79%
lyrics the
79%
lyrics i've
77%
lyrics one
75%
lyrics one)
75%
lyrics road
75%
lyrics three
75%
lyrics (three
75%
lyrics make
74%
lyrics two
74%
lyrics do
72%
lyrics got
72%
lyrics of
72%
lyrics 66
70%
lyrics enough
70%
lyrics home
70%
lyrics no
70%
lyrics side
70%
lyrics up
70%
lyrics up)
70%
lyrics want
70%
lyrics with
70%
lyrics "baby
68%
lyrics "Baby
68%
lyrics come
68%
lyrics DVD"
68%
lyrics its
68%
lyrics it's
68%
lyrics so
68%
lyrics blush
66%
lyrics blush)
66%
lyrics Buffalo
66%
lyrics girl
66%
lyrics saw
66%
lyrics Beam
64%
lyrics (Beam
64%
lyrics beam
64%
lyrics (beam
64%
lyrics never
64%
lyrics said
64%
lyrics think
62%
lyrics what
62%
lyrics about
60%
lyrics anything
60%
lyrics seen
60%
lyrics and
58%
lyrics good
58%
lyrics obscene
58%
lyrics climb
57%
lyrics makes
57%
lyrics at
55%
lyrics licking
55%
lyrics there's
53%
lyrics else
51%
lyrics windscreen
49%
lyrics around
47%
lyrics bonnet
40%
lyrics onto
40%
No matching quizzes found
Score Distribution
Percent of People with Each Score
Percentile by Number Answered
Your Score History
You have not taken this quiz